LEADER 01146cam0 22002651 450 001 SOBE00038345 005 20131210131719.0 100 $a20131210d1936 |||||ita|0103 ba 101 $aita 102 $aIT 200 1 $aNotizie statistiche storiche bibliografiche delle collezioni di manoscritti oggi conservati nelle biblioteche italiane$fGiuseppe Gabrieli 210 $aMilano$cMondadori$d1936 215 $a224 p.$d19 cm 225 2 $aEnciclopedia del libro 410 1$1001SOBE00038346$12001 $a*Enciclopedia del libro 700 1$aGabrieli$b, Giuseppe$3AF00003601$4070$0220920 801 0$aIT$bUNISOB$c20131210$gRICA 850 $aUNISOB 852 $aUNISOB$j3|A$m12268|ort 912 $aSOBE00038345 940 $aM 102 Monografia moderna SBN 941 $aM 957 $xFondo|Ortolani$a3|A$b019$fModalità di consultazione sulla home page della Biblioteca link Fondi$gNO$d12268|ort$hOrtolaniS$rdono$1calvano123$2UNISOB$3UNISOB$420131210131800.0$520131210131856.0$6calvano123 996 $aNotizie statistiche storiche bibliografiche delle collezioni di manoscritti oggi conservati nelle biblioteche italiane$91712776 997 $aUNISOB